Wong's Essentials of Pediatric Nursing / (Record no. 17226)
[ view plain ]
| 000 -LEADER | |
|---|---|
| fixed length control field | 00850cam a22002538a 4500 |
| 001 - CONTROL NUMBER | |
| control field | 17290825 |
| 005 - DATE AND TIME OF LATEST TRANSACTION | |
| control field | 20130204161321.0 |
| 008 - FIXED-LENGTH DATA ELEMENTS--GENERAL INFORMATION | |
| fixed length control field | 120504s2013 mou b 001 0 eng |
| 020 ## - INTERNATIONAL STANDARD BOOK NUMBER | |
| International Standard Book Number | 9780323083430 (hardcover : alk. paper) |
| 082 00 - DEWEY DECIMAL CLASSIFICATION NUMBER | |
| Classification number | 618.9200231 |
| Edition number | 23 |
| Item number | WON |
| 245 00 - TITLE STATEMENT | |
| Title | Wong's Essentials of Pediatric Nursing / |
| Statement of responsibility, etc | [edited by] Marilyn J. Hockenberry, David Wilson. |
| 246 1# - VARYING FORM OF TITLE | |
| Title proper/short title | Essentials of pediatric nursing |
| 250 ## - EDITION STATEMENT | |
| Edition statement | 9th ed. |
| 260 ## - PUBLICATION, DISTRIBUTION, ETC. (IMPRINT) | |
| Place of publication, distribution, etc | St. Louis, Mo. : |
| Name of publisher, distributor, etc | Elsevier/Mosby, |
| Date of publication, distribution, etc | c2013. |
| 263 ## - PROJECTED PUBLICATION DATE | |
| Projected publication date | 1210 |
| 300 ## - PHYSICAL DESCRIPTION | |
| Extent | p. ; |
| Dimensions | cm. |
| 504 ## - BIBLIOGRAPHY, ETC. NOTE | |
| Bibliography, etc | Includes bibliographical references and index. |
| 650 12 - SUBJECT ADDED ENTRY--TOPICAL TERM | |
| Topical term or geographic name as entry element | Pediatric Nursing. |
| 9 (RLIN) | 32392 |
| 653 ## - INDEX TERM--UNCONTROLLED | |
| Resource For college | |
| Arrived date list | February2013 |
| 700 1# - ADDED ENTRY--PERSONAL NAME | |
| Personal name | Hockenberry, Marilyn J. |
| 9 (RLIN) | 29388 |
| 700 1# - ADDED ENTRY--PERSONAL NAME | |
| Personal name | Wilson, David, |
| Dates associated with a name | 1950 Aug. 25- |
| 9 (RLIN) | 29389 |
| 700 1# - ADDED ENTRY--PERSONAL NAME | |
| Personal name | Wong, Donna L., |
| Dates associated with a name | 1948-2008. |
| 9 (RLIN) | 29387 |
| 942 ## - ADDED ENTRY ELEMENTS (KOHA) | |
| Source of classification or shelving scheme | Dewey Decimal Classification |
| Item type | |
| Withdrawn status | Item status | Source of classification or shelving scheme | Damaged status | Not for loan | Vendor | Home library | Current library | Shelving location | Date acquired | Source of acquisition | Cost, normal purchase price | Serial Enumeration / chronology | Total Checkouts | Total Renewals | Full call number | Barcode | Date last seen | Date last borrowed | Koha item type |
|---|---|---|---|---|---|---|---|---|---|---|---|---|---|---|---|---|---|---|---|
| Dewey Decimal Classification | Arab Oasis | Central Library | Central Library | First floor | 04/02/2013 | 700.00 | 18 | 8 | 64 | 618.9200231 WON | 000028006 | 26/11/2025 | 24/11/2022 | Book - Borrowing |